| 000 | 00613nam a2200241Ia 4500 | ||
|---|---|---|---|
| 003 | OSt | ||
| 005 | 20250816092713.0 | ||
| 008 | 210210b2012 xxu||||| |||| 00| 0 eng d | ||
| 020 | _a9788120346130 | ||
| 040 | _cAL | ||
| 041 | _aeng | ||
| 082 | _a547.3 RATE | ||
| 100 |
_aRatnani Sonia _9235813 |
||
| 245 | _aExperimental organic chemistry | ||
| 260 |
_aNew Delhi _bPHI Learning Pvt. Ltd. _c2012 |
||
| 300 | _axi, 375p | ||
| 650 |
_aorganic _9235814 |
||
| 650 |
_achemistry _9235815 |
||
| 690 |
_aOrganic Chemistry _9235816 |
||
| 700 |
_aGurjar, Shriniwas _9235817 |
||
| 906 | _a067856 | ||
| 942 |
_2ddc _cBK |
||
| 999 |
_c152168 _d152168 |
||